[Event "84th Tata Steel Masters 2022"]
[Site "Wijk aan Zee"]
[Date "2022.01.30"]
[Round "13.2"]
[White "Mamedyarov, Shakhriyar"]
[Black "Caruana, Fabiano"]
[Result "1/2-1/2"]
[WhiteElo "2767"]
[BlackElo "2792"]
[Annotator "TA"]
[PlyCount "38"]
[EventDate "2022.01.15"]
[EventType "tourn"]
[EventCountry "NED"]
[Tiebreak "Direct encounter+Number of black games"]
[SourceTitle "playchess.com"]
[Source "ChessBase"]
[SourceQuality "1"]

{[%evp 20,25,22,15,58,34,45,33]} 1. d4 Nf6 2. c4 e6 3. Nf3 d5 4. Nc3 Be7 5. Bf4
O-O 6. e3 c5 7. dxc5 Bxc5 8. cxd5 Nxd5 9. Nxd5 exd5 10. a3 Nc6 11. Bd3 {
[%cal Od3h7]} h6 {D37: Queen's Gambit Declined: 5 Bf4.} (11... Bb6 $11) 12. O-O
Qf6 13. b4 {[#]} {Predecessor:} Bb6 $146 14. b5 Nd4 15. Nxd4 Bxd4 16. Rb1 Bb6
17. Qh5 Be6 18. Qe5 Qxe5 19. Bxe5 Rac8 {½-½ (33) Alexandrova,O (2409)-Ordaz
Valdes,L (2350) Mexico City 2012} 1/2-1/2

[Event "84th Tata Steel Masters 2022"]
[Site "Wijk aan Zee"]
[Date "2022.01.30"]
[Round "13.3"]
[White "Praggnanandhaa R"]
[Black "Esipenko, Andrey"]
[Result "1-0"]
[WhiteElo "2612"]
[BlackElo "2714"]
[Annotator "TA"]
[PlyCount "117"]
[EventDate "2022.01.15"]
[EventType "tourn"]
[EventCountry "NED"]
[Tiebreak "Direct encounter+Number of black games"]
[SourceTitle "playchess.com"]
[Source "ChessBase"]
[SourceQuality "1"]

{[%evp 21,117,-36,0,-14,-8,-12,-10,-10,-4,-8,0,-22,21,0,0,0,0,0,0,0,0,0,0,0,0,
0,0,0,20,20,25,25,20,25,142,87,315,310,282,267,373,368,369,376,356,349,662,647,
1107,347,334,304,298,301,416,428,426,387,392,401,382,374,502,332,332,332,332,
332,332,323,300,300,330,300,300,300,391,383,387,343,376,294,335,298,357,294,
294,253,278,429,448,454,454,443,405,278,794,635]} 1. d4 Nf6 2. c4 e6 3. Nc3 Bb4
4. a3 Bxc3+ 5. bxc3 c5 6. e3 Nc6 7. Bd3 O-O 8. Ne2 b6 9. e4 Ne8 10. O-O Ba6 11.
f4 f5 12. exf5 {E29: Nimzo-Indian: Sämisch: 5...0-0 6 e3 c5 7 Bd3 Nc6.} exf5
13. dxc5 bxc5 14. Be3 {The position is equal.} d6 15. Ng3 {[%cal Be2g3,Bg3f1,
Bf1e3,Be3d5][%mdl 32]} Ne7 {[%cal Bc6e7,Be7c8,Bc8b6,Bb6a4][%mdl 32] [#]} 16.
Qf3 $146 {[%cal Og3f5]} ({Predecessor:} 16. Qa4 Nc7 17. Rfd1 Qe8 18. Qc2 Rb8
19. Re1 Qf7 20. Bf2 Rbe8 21. Qa4 Ng6 22. Rxe8 Qxe8 {0-1 (28) Chiong Zacarias,R
(2373)-Zarnicki,P (2536) Dos Hermanas 2003}) 16... Nc7 (16... g6 {deserves
consideration.}) 17. Rab1 Qd7 18. Rfe1 g6 19. Bf2 Nc8 20. Nf1 Nb6 21. Ne3 Rae8
22. Bh4 Qg7 23. Rbc1 {[%cal Oa3a4]} Re6 24. a4 Nxa4 25. Nd5 Bb7 $1 26. Rxe6
Nxe6 27. Re1 Qd7 (27... g5 $1 $11 {remains equal.}) 28. Qg3 {White is more
active.} ({White should try} 28. Ne7+ Qxe7 29. Bxe7 Bxf3 30. Bxf8 (30. Rxe6 Re8
$15) 30... Nxf8 31. gxf3) 28... Rf7 $2 {Loses the game.} (28... Bxd5 $16 29.
cxd5 Ng7) 29. Nf6+ $18 Rxf6 30. Bxf6 Kf7 31. Qh4 h5 32. Bg5 {[%cal Od3f5] This
bishop pair is nice.} ({Not} 32. Bh8 Qd8 33. Qxd8 Nxd8 $18) ({Don't take} 32.
Bc2 Nb6 33. Bg5 (33. Bh8 Qd8 $16) 33... Nxg5 $18) 32... Qc6 {[%csl Gb7][%cal
Rc6g2] [#]} 33. Qh3 {The board is on fire.} Nxg5 (33... Qe8) 34. fxg5 Bc8 35.
Qe3 $2 (35. g4 d5 36. gxf5) 35... Qd7 36. Qe2 (36. Bc2 Nb6 37. h3 Kg7 38. Qe7+
Qxe7 39. Rxe7+ Kf8 40. Rxa7 Be6 $18) 36... Qd8 37. Qa2 Bd7 38. Bc2 Nb6 39. Qxa7
Nc8 40. Qb7 Ne7 41. h4 Be6 42. Ra1 {[#] Strongly threatening Ra7.} Qc8 43. Qxc8
Nxc8 {[%mdl 4096] Endgame KRB-KBN} 44. Bb3 Ke7 45. Ra6 Kd8 46. Kf2 Kc7 47. Ra1
Bf7 48. Ke3 Be6 49. Kf4 Kd8 50. Ra8 Kc7 51. Ra2 Bf7 52. Ra1 Kd8 53. Ke3 Be6 54.
g3 Kc7 55. Kf4 Bf7 56. Ba4 Nb6 57. Bb5 {Black must now prevent Ra7+.} Nc8 {
Prevents Ra7+.} 58. Ke3 {Threatens to win with Ra8.} Be6 $2 (58... Kd8 59. Ra8
Kc7) 59. Be8 {Weighted Error Value: White=0.20 (precise) /Black=0.33} 1-0

[Event "84th Tata Steel Masters 2022"]
[Site "Wijk aan Zee"]
[Date "2022.01.30"]
[Round "13.4"]
[White "Karjakin, Sergey"]
[Black "Vidit, Santosh Gujrathi"]
[Result "1-0"]
[WhiteElo "2743"]
[BlackElo "2727"]
[Annotator "TA"]
[PlyCount "127"]
[EventDate "2022.01.15"]
[EventType "tourn"]
[EventCountry "NED"]
[Tiebreak "Direct encounter+Number of black games"]
[SourceTitle "playchess.com"]
[Source "ChessBase"]
[SourceQuality "1"]

{[%evp 16,127,0,6,5,0,7,0,0,0,0,0,0,0,0,0,0,0,0,0,0,0,6,4,4,2,24,21,31,28,27,
27,25,12,13,13,57,64,65,64,55,58,125,132,112,116,141,141,139,127,131,124,125,
117,114,109,108,101,104,102,103,105,179,104,115,105,108,104,100,64,216,213,270,
270,270,270,263,256,249,241,985,985,920,725,597,563,5065,5065,4133,3589,4133,
4133,4133,2363,1747,416,29974,29975,29975,29976,29976,29977,29977,29978,29978,
29979,29978,29979,29979,29980,29980,29981,29980,29979]} 1. e4 e5 2. Nf3 Nc6 3.
Nc3 Nf6 4. d4 exd4 5. Nxd4 Bb4 6. Nxc6 bxc6 7. Bd3 {[%cal Bf1d3,Bd3e4,Be4c6]
[%mdl 32]} d5 8. Bd2 O-O 9. O-O Bxc3 {C47: Scotch Four Knights and Four
Knights with 4 g3.} 10. Bxc3 dxe4 {is currently scoring better than 10...Nxe4.}
11. Bxf6 Qxf6 {The position is equal.} 12. Bxe4 Qxb2 13. Bxc6 Rb8 14. Rb1 Qxb1
15. Qxb1 Rxb1 16. Rxb1 $11 {[%mdl 4096] Endgame KRB-KRB} Rd8 17. Bf3 Kf8 18.
Rb8 Re8 {[%cal Re8e1]} 19. h4 Ba6 20. Rb3 {[#]} Re5 $146 ({Predecessor:} 20...
Re1+ 21. Kh2 Re5 22. Rc3 Be2 23. Bxe2 Rxe2 24. Kg3 Re4 25. Rxc7 Ra4 26. c4 Rxa2
27. c5 a5 28. Ra7 a4 29. c6 Rc2 30. c7 Ke8 31. Rxa4 {½-½ (31) Mastrovasilis,
D (2619)-Grischuk,A (2773) Terme Catez 2021}) 21. Rc3 Re7 22. Ra3 Re6 23. Bd5
Rb6 24. Bb3 c5 25. Ra4 {Prevents c4.} g6 (25... Be2 $1 $11) 26. f3 $14 Rd6 27.
c4 Ke7 28. Ra5 Kd8 ({Better is} 28... Rc6 $1 $14) 29. Rxc5 $16 Bc8 30. Kf2 Rd2+
31. Kg3 h6 {[#]} 32. h5 $1 Rd6 33. hxg6 fxg6 34. Kf4 g5+ 35. Ke5 Re6+ 36. Kd4
Re2 37. g4 Rd2+ 38. Ke3 Rd6 (38... Rh2 $16 39. Ra5 Rh3) 39. Ra5 ({White should
try} 39. Bc2 $18) 39... Re6+ 40. Kd4 Rf6 41. Bd1 a6 42. Be2 Rf4+ $2 {Loses the
game.} (42... Bb7 $14) 43. Ke3 $18 Bb7 44. Rf5 Rxf5 45. gxf5 {KB-KB} Ke7 46. c5
{[%cal Bc4c5,Bc5c6,Bc6c7][%mdl 32] aiming for Bd3.} Kf6 {[#]} 47. Bd3 Ke5 (
47... a5 48. f4 g4) 48. Be4 Bc8 49. c6 h5 50. c7 a5 51. a4 Kf6 52. Kf2 h4 53.
Kg2 Ke5 54. Kh2 Kf6 55. Bd3 {Threatening mate with Bf1.} Ke5 (55... Bb7 $18 56.
Be4 Bc8) 56. Bf1 {White mates.} Kf6 57. Bh3 Bd7 58. Bg4 Bc8 59. Kg2 Bd7 60. Kf2
Bc8 61. Ke3 Bd7 62. Kd4 Bc8 63. Kc5 Kf7 64. Kb6 {Weighted Error Value: White=0.
03 (flawless) /Black=0.27 (precise)} 1-0

[Event "84th Tata Steel Masters 2022"]
[Site "Wijk aan Zee"]
[Date "2022.01.30"]
[Round "13.5"]
[White "Van Foreest, Jorden"]
[Black "Shankland, Sam"]
[Result "1-0"]
[WhiteElo "2702"]
[BlackElo "2708"]
[Annotator "TA"]
[PlyCount "137"]
[EventDate "2022.01.15"]
[EventType "tourn"]
[EventCountry "NED"]
[Tiebreak "Direct encounter+Number of black games"]
[SourceTitle "playchess.com"]
[Source "ChessBase"]
[SourceQuality "1"]

{[%evp 9,137,0,0,11,16,13,38,43,40,37,43,36,68,73,67,62,61,41,91,72,71,72,60,
60,59,48,56,37,67,38,41,40,63,42,55,50,50,21,26,34,33,30,37,37,26,0,40,35,27,
27,34,0,12,12,8,22,31,32,33,25,51,51,51,51,51,15,15,15,19,16,29,8,56,56,65,16,
27,15,15,15,15,6,6,12,26,22,29,25,28,0,28,0,25,30,33,20,26,32,405,222,801,759,
712,523,12828,12831,12830,12831,3163,529,12832,2627,12843,12840,12841,12839,
12840,12839,12840,12840,12844,12845,12848,12846,12847,12848,12850,12849,12850,
12848]} 1. d4 d5 2. Nf3 Nf6 3. Bf4 e6 4. e3 {[%cal Be2e3,Be3d4][%mdl 32]} c5 5.
Be2 Nc6 6. O-O {D02: 1 d4 d5 2 Nf3 sidelines, including 2...Nf6 3 g3 and 2...
Nf6 3 Bf4.} cxd4 7. exd4 Bd6 8. Bxd6 {White is slightly better.} Qxd6 9. c3 O-O
10. Re1 {[#]} e5 $146 ({Predecessor:} 10... b6 11. Bd3 Qc7 12. a3 Bb7 13. Nbd2
Qf4 14. g3 Qh6 15. a4 Nd7 16. Nh4 Rac8 {0-1 (24) Cros Goma,A (2108)-Lecha
Gonzalez,J (2198) ICCF email 2016}) 11. dxe5 Nxe5 12. Nxe5 Qxe5 13. Bf3 Ne4 (
13... Qc7 $14) 14. Na3 {[%cal Bb1a3,Ba3c2,Bc2d4][%mdl 32]} Bf5 15. Nc2 (15. Nb5
{feels hotter.} Rfe8 16. Qb3 Bd7 17. Nd4 Qd6 18. Rad1) 15... Rfe8 16. Qd4 Qxd4
17. Nxd4 Bd7 18. c4 Kf8 19. h4 Rac8 20. cxd5 (20. Rac1 {seems wilder.} Re5 21.
b4 Rce8 22. c5 a6 23. Red1) 20... Nd6 21. Rxe8+ (21. Red1 {keeps more tension.}
h6 22. h5 Rc5 23. g3 Ne4 24. Nb3) 21... Bxe8 22. Rd1 Bd7 23. Kh2 Ke7 24. g4 h6
25. h5 Kf6 26. Kg3 Rc4 27. Kf4 Rc5 28. Rd2 g5+ 29. hxg6 fxg6 30. Rd1 Ra5 31. a3
Nc4 32. Nb3 Rb5 33. Nd2 $1 g5+ 34. Kg3 Nxd2 35. Rxd2 $11 {[%mdl 4096] Endgame
KRB-KRB} Rb3 {[%cal Oh6h5]} 36. Kg2 Ke5 37. Re2+ Kf6 $1 38. Rc2 Ke5 39. Rc7 Kd6
40. Rc1 Rb6 ({But not} 40... Rxb2 41. Rh1 $16) (40... Ke5 $1 $11 {might be
stronger.}) 41. b4 $14 Ke5 42. Rc7 (42. Kg3 $14) 42... Kd6 $11 43. Rc3 a5 44.
bxa5 Rb5 45. Rc1 {Strongly threatening Rh1.} Rxa5 46. Rh1 Rxa3 47. Rxh6+ Kc5 $1
48. Rh7 Kd6 49. Rh6+ Kc5 $1 50. Rh7 Kd6 51. Rg7 b5 52. Rxg5 b4 53. Rg8 {
Hoping for Rb8.} Ra5 $2 {[%mdl 8192] Black cannot hold the game after this.} (
53... b3 $1 $14) 54. g5 (54. Rb8 $142) 54... b3 $2 {[#]} (54... Ke5 55. g6 Ra7)
55. g6 $1 $18 {White is clearly winning.} b2 {[#]} 56. Rb8 $1 {g7 is the
strong threat.} Rb5 57. Rxb5 Bxb5 {KB-KB} 58. g7 b1=Q 59. g8=Q Qf1+ 60. Kg3 Qd3
61. Qe6+ Kc7 62. Qe5+ Kd7 63. Qe3 Qb1 64. Qe6+ Kd8 65. d6 {White wants to mate
with Qe7+.} Qh7 {To avoid Qe7+} 66. Qf6+ Kd7 67. Bg4+ Ke8 68. Qe5+ Kd8 69. Qg5+
{Weighted Error Value: White=0.11 (very precise) /Black=0.26 (precise)} ({
Inferior is} 69. Qxb5 Qh2+ 70. Kf3 Qf4+ 71. Ke2 Qe5+ 72. Qxe5 $11) 1-0

[Event "84th Tata Steel Masters 2022"]
[Site "Wijk aan Zee"]
[Date "2022.01.30"]
[Round "13.6"]
[White "Grandelius, Nils"]
[Black "Duda, Jan-Krzysztof"]
[Result "1/2-1/2"]
[WhiteElo "2672"]
[BlackElo "2760"]
[Annotator "TA"]
[PlyCount "80"]
[EventDate "2022.01.15"]
[EventType "tourn"]
[EventCountry "NED"]
[Tiebreak "Direct encounter+Number of black games"]
[SourceTitle "playchess.com"]
[Source "ChessBase"]
[SourceQuality "1"]

{[%evp 21,80,3,60,29,24,24,31,26,28,31,45,19,20,17,81,75,82,7,14,-43,4,-39,-57,
-57,-61,-61,-68,-63,-55,-62,-71,-57,0,0,0,0,0,0,0,0,0,0,0,0,0,0,0,0,0,0,0,0,0,
0,0,0,0,0,0,0,0]} 1. e4 c5 2. Nf3 d6 3. d4 cxd4 4. Nxd4 Nf6 5. Nc3 Nc6 6. Bg5
e6 7. Qd2 a6 8. O-O-O h6 9. Bf4 Bd7 10. Nxc6 Bxc6 11. f3 Qb6 (11... d5 $11) 12.
Bc4 {B66: Sicilian: Richter-Rauzer: 7...a6 8 0-0-0 h6.} (12. Bxd6 O-O-O 13. e5
Bxd6 14. exd6 Rd7 $11) 12... Rd8 13. Bb3 Be7 14. Be3 {White is slightly better.
} Qc7 15. Qf2 {[#]} Qb8 $146 ({Predecessor:} 15... Nd7 16. Qg3 Kf8 17. Ne2 Rc8
18. Kb1 Nc5 19. Bd4 Rg8 20. e5 d5 21. Qf2 b6 {½-½ (32) Unzicker,W-Pustina,Y
Siegen 1970}) 16. Bb6 Rc8 17. g4 O-O (17... Nd7 $11) 18. h4 $16 Nd7 19. Bd4 {
White is much more active.} (19. g5 $16) 19... Nc5 $1 $11 20. Rhg1 ({White
should try} 20. g5 $11) 20... b5 $15 21. h5 (21. Ne2 $1 $11) 21... b4 22. g5 {
[%cal Og5h6] [#] aiming for gxh6!} Bxg5+ (22... bxc3 23. gxh6 cxb2+ 24. Kxb2
Nxb3 25. axb3 $18) 23. f4 Nxb3+ ({And not} 23... bxc3 24. fxg5 Nxe4 25. Qe3
Nxg5 26. Bxc3 $17) 24. axb3 f6 (24... bxc3 25. fxg5 cxb2+ 26. Kxb2 Bxe4 27. Rd2
hxg5 28. Bxg7 Rxc2+ 29. Rxc2 Bxc2 30. Kxc2 Kxg7 31. Rxg5+ Kh7 32. Qf6 $11) 25.
fxg5 fxg5 (25... bxc3 $2 26. gxh6 Bxe4 27. Rxg7+ (27. hxg7 cxb2+ 28. Kxb2 Rf7
$16) 27... Kh8 28. Bxf6 cxb2+ 29. Kxb2 Rxc2+ 30. Qxc2 Bxc2 31. Rb7+ Rxf6 32.
Rxb8+ Kh7 33. Kxc2 $18) 26. Qe3 {[%cal Od4g7] [#] Threatens to win with Bxg7!}
bxc3 (26... Qb7 $15) 27. Bxg7 $1 $11 {The position is equal.} cxb2+ $1 28. Kxb2
Kxg7 {[%cal Bg8g7,Bg7f7,Bf7e8,Be8d8,Bd8c7,Bc7b7][%mdl 32]} 29. Rxg5+ $1 hxg5
30. Qxg5+ Kf7 31. Rf1+ Ke8 32. Qg6+ Kd8 33. Rxf8+ Kc7 34. Rxc8+ Qxc8 (34...
Kxc8 $2 35. h6 $18) 35. h6 Bxe4 $1 36. Qxe4 {Threatening mate with Qc4+.} Qh8+
37. Ka2 $1 Qxh6 38. Qc4+ Kb7 39. Qb4+ Kc7 40. Qc4+ Kb7 {Weighted Error Value:
White=0.12 (very precise) /Black=0.11 (very precise)} 1/2-1/2